000 00629nam a2200181 4500
001 110952
003 ES-MaACL
005 20230906185217.0
007 t|
008 061121s1983 sp r ||||1| spa d
100 1 _aOgáyar y Ayllón, Tomás.
_986565
245 1 0 _aEfectos que produce la obligación bilateral
_b: doctrina jurisprudencial sobre los artículos 1124 y 1504 del Código civil /
_cTomás Ogayar y Ayllón.
260 _aPamplona :
_bAranzadi,
_c1983.
300 _a194 p. ;
_c21 cm.
504 _aBibliografía: p. 177-180.
650 4 _aObligaciones (Derecho)-
_zEspaña.
_9138665
852 _aES-MaACL
_jL-4968
999 _c110952
_d110952